Food by Famous Movie - Statistics

General Stats
  • This quiz has been taken 24 times
  • The average score is 2 of 15
Answer Stats
Hint Answer % Correct
Elf Spaghetti
95%
Ratatouille Ratatouille
64%
Pulp Fiction (Drink) Milkshake
18%
Harry Potter (Drink) Butterbear
14%
Cool Hand Luke Hard Boiled Eggs
14%
Lady and the Tramp Spaghetti and Meatballs
14%
The Princess and the Frog Beignet
9%
The Chronicles of Narnia Turkish Delight
9%
Star Wars (Drink) Blue Milk
5%
The Help Fried Chicken
5%
Pulp Fiction Big Kahuna Burger
0%
The Godfather Cannoli
0%
Chef Cubano Sandwich
0%
Willy Wonka & the Chocolate Factory Everlasting Gobstopper
0%
The Sandlot S'mores
0%
No matching quizzes found
Score Distribution
Percent of People with Each Score
Percentile by Number Answered
Your Score History
You have not taken this quiz